000 00311 a2200109 4500
001 ART_42326
005 20260410161807.0
008 260409a
245 1 0 _aSociedades descartables
100 1 _aMiguel, Luis A.
773 0 _tDoctrina Societaria y Concursal
_g- NÂș 278 (ene. 2011)
_wREV4298
999 _c21129
_d21129